All DCEU (DC Extended Universe) Movies! - Statistics

General Stats
  • This quiz has been taken 81 times
  • The average score is 16 of 28
Answer Stats
Year Hint Main Actor (s) Film % Correct
2013 First Movie Henry Cavill and Amy Adams Man of Steel
100%
2016 Bomb Margot Robbie and Will Smith Suicide Squad
94%
2021 Reboot of Bomb John Cena and Margot Robbie The Suicide Squad
94%
2017 Girl Power Gal Gadot and Chris Pine Wonder Woman
92%
2018 Billions $$$ Jason Momoa and Amber Heard Aquaman
91%
2017 Avengers? Ben Affleck and Gal Gadot Justice League
91%
2023 3rd Superhero Multiverse Film Ezra Miller The Flash
89%
2020 Spin-off of the Bomb Margot Robbie Birds of Prey
88%
2019 Lightning Hands Zachary Levi/ Asher Angel and Jack Dylan Grazer Shazam!
86%
2020 Girl Power Sequel Gal Gadot and Chris Pine Wonder Woman 1984
85%
2022 Prequel to Lightning Hands Dwayne Johnson Black Adam
78%
2016 One Off Henry Cavill and Ben Affleck Batman V. Superman: Dawn of Justice
71%
2022 Barbara Gordon ? Batgirl
66%
2022 Lightning Hands Sequel Zachary Levi Shazam! Fury of the Gods
58%
2021 Director's Cut Ray Fisher, Ben Affleck and Gal Gadot Zack Snyder's Justice League
57%
2023 Billions $$$ Sequel Jason Momoa Aquaman and the Lost Kingdom
52%
TBD Cobra Kai Meets Bugs Xolo Mariduena Blue Beetle
52%
TBD Girl Power Trilogy Gal Gadot Wonder Woman 3
52%
TBD Slappy Oscar Man Stars In Will Smith Deadshot
40%
TBD Sequel to the First Movie ? Man of Steel 2
35%
TBD Dick Grayson Is Robin! ? Nightwing
34%
TBD Spin-off of Girl Power ? The Amazons
15%
TBD Sequel to the Director's Cut ? Justice League Part Two
14%
TBD Director's Cut Trilogy Ben Affleck, Amber Heard and Ezra Miller Justice League Part Three
12%
TBD Spin-off of Two Films ? Supergirl
12%
TBD Yet Another Bomb Spin-off Margot Robbie Gotham City Sirens
9%
TBD Deadpool or Diggle? ? Green Lantern Corps
8%
TBD And Another One Margot Robbie and Jared Leto Harley Quinn V.S. Joker
5%
No matching quizzes found
Score Distribution
Percent of People with Each Score
Percentile by Number Answered
Your Score History
You have not taken this quiz